Biblioteka Instytutu Północnego w Olsztynie

Widok standardowy Widok MARC

Pozycja Topical Term

Liczba rekordów, w których użyto hasła: 3

001 - Numer kontrolny

  • control field: 40761

003 - Identyfikator numeru kontrolnego

  • control field: NUKAT

005 - Data i czas ostatniej modyfikacji

  • control field: 20260428095545.0

008 - Dane kontrolne kodowane (40 znaków)

  • fixed length control field: 950714 ||a|znnbabn |a ana |c

010 ## - Numer kontrolny Biblioteki Kongresu

  • numer kontrolny LC: s 95011348

040 ## - Instytucja sporządzająca rekord

  • inst. przygot. dane do rek. khw: GD U/US
  • język haseł przedmiotowych/tezaurus: kaba
  • inst. wprow. rek. khw: WA U/BL

083 #4 - DEWEY DECIMAL CLASSIFICATION NUMBER

  • pojed. symbol lub pocz. z zakr. symboli: 943.8
  • określenie wyjaśniające: Historia Polski

150 ## - Hasło - nazwa pospolita

  • nazwa posp. lub nazwa geogr. na pocz.: Katyń, Zbrodnia (1940).

450 ## - Trop zob. - nazwa pospolita

  • nazwa posp. lub nazwa geogr. na pocz.: Katyn, Massacre de (1940) [f]

450 ## - Trop zob. - nazwa pospolita

  • nazwa posp. lub nazwa geogr. na pocz.: Katyn Massacre, Katyn, Russia, 1940 [c]

450 ## - Trop zob. - nazwa pospolita

  • nazwa posp. lub nazwa geogr. na pocz.: Katyń, Masakra (1940).

450 ## - Trop zob. - nazwa pospolita

  • nazwa posp. lub nazwa geogr. na pocz.: Mord Katyński (1940).

450 ## - Trop zob. - nazwa pospolita

  • nazwa posp. lub nazwa geogr. na pocz.: Zbrodnia Katyńska (1940).

450 ## - Trop zob. - nazwa pospolita

  • nazwa posp. lub nazwa geogr. na pocz.: Zbrodnia w Lesie Katyńskim (1940).

450 ## - Trop zob. - nazwa pospolita

  • nazwa posp. lub nazwa geogr. na pocz.: Las Katyński, Zbrodnia (1940).

550 ## - Trop zob. też - nazwa pospolita

  • podpole kontrolne: g
  • nazwa posp. lub nazwa geogr. na pocz.: Masakry
  • określnik geograficzny: Rosja.

550 ## - Trop zob. też - nazwa pospolita

  • podpole kontrolne: g
  • nazwa posp. lub nazwa geogr. na pocz.: Wojna światowa (1939-1945)
  • określnik rzeczowy: okrucieństwa
  • określnik geograficzny: Rosja.

550 ## - Trop zob. też - nazwa pospolita

  • nazwa posp. lub nazwa geogr. na pocz.: Rodziny katyńskie.

550 ## - Trop zob. też - nazwa pospolita

  • nazwa posp. lub nazwa geogr. na pocz.: Kłamstwo katyńskie.

670 ## - Źródło informacji

  • źródło informacji: RAMEAU

670 ## - Źródło informacji

  • źródło informacji: NEP. - 2004

681 ## - Uwaga o tropie do przykładu hasła przedmiotowego

  • tekst wyjaśniający: Przykład cytowany w rekordzie:
  • hasło przedmiotowe lub określnik: Masakry <--OG>
Biblioteka Instytutu Północnego, ul. Partyzantów 87, 10-402 Olsztyn, email: biblioteka(at)ip.olsztyn.pl